| 000 | 01067nam a2200229Ia 4500 | ||
|---|---|---|---|
| 003 | OSt | ||
| 005 | 20210115111403.0 | ||
| 008 | 191128s1968 ck gr 000 0 spa d | ||
| 040 |
_aCO-JMCR _cCO-JMCR |
||
| 041 | 0 | _aspa | |
| 082 | 0 | 4 |
_a351.98611 / _bH558i _223 |
| 100 | 1 |
_aHernández, José, _eautor _912861 |
|
| 245 | 1 | 0 |
_aInforme sobre la administración pública de San Andrés y Providencia y factores del turismo / _cJosé M. Hernández |
| 260 |
_aBogotá : _bCEDE, _c1968 |
||
| 300 |
_a101 páginas ; _c28 cm. |
||
| 505 | 0 | _aVisión sobre la administración pública de San Andrés y Providencia -- Proyecto de ley sobre creación del Municipio Nacional de San Andrés y Providencia y una corporación autónoma -- Factores del turismo de San Andrés y Providencia | |
| 650 | 1 | 4 |
_aTurismo _zSan Andrés y Providencia _99528 |
| 650 | 1 | 4 |
_aProyectos de ley _99529 |
| 651 | 2 | 4 |
_aSan Andrés y Providencia (Islas, Colombia) _xcondiciones económicas _99530 |
| 651 | 2 | 4 |
_aSan Andrés y Providencia (Islas, Colombia) _xadministración pública _99531 |
| 942 |
_2ddc _cBK |
||
| 999 |
_c4411 _d4411 |
||